<?xml version="1.0" encoding="UTF-8"?><?xml-stylesheet type="text/xsl" href="static/style.xsl"?><OAI-PMH xmlns="http://www.openarchives.org/OAI/2.0/" xmlns:xsi="http://www.w3.org/2001/XMLSchema-instance" xsi:schemaLocation="http://www.openarchives.org/OAI/2.0/ http://www.openarchives.org/OAI/2.0/OAI-PMH.xsd"><responseDate>2026-04-17T02:49:48Z</responseDate><request verb="GetRecord" identifier="oai:www.recercat.cat:2117/442635" metadataPrefix="marc">https://recercat.cat/oai/request</request><GetRecord><record><header><identifier>oai:recercat.cat:2117/442635</identifier><datestamp>2026-01-23T07:19:56Z</datestamp><setSpec>com_2072_1033</setSpec><setSpec>col_2072_452950</setSpec></header><metadata><record xmlns="http://www.loc.gov/MARC21/slim" xmlns:dcterms="http://purl.org/dc/terms/" xmlns:xsi="http://www.w3.org/2001/XMLSchema-instance" xmlns:doc="http://www.lyncode.com/xoai" xsi:schemaLocation="http://www.loc.gov/MARC21/slim http://www.loc.gov/standards/marcxml/schema/MARC21slim.xsd">
   <leader>00925njm 22002777a 4500</leader>
   <datafield ind2=" " ind1=" " tag="042">
      <subfield code="a">dc</subfield>
   </datafield>
   <datafield ind2=" " ind1=" " tag="720">
      <subfield code="a">Aryania, Azra</subfield>
      <subfield code="e">author</subfield>
   </datafield>
   <datafield ind2=" " ind1=" " tag="720">
      <subfield code="a">Huertas Garcia, Rubén</subfield>
      <subfield code="e">author</subfield>
   </datafield>
   <datafield ind2=" " ind1=" " tag="720">
      <subfield code="a">Forgas Coll, Santiago</subfield>
      <subfield code="e">author</subfield>
   </datafield>
   <datafield ind2=" " ind1=" " tag="720">
      <subfield code="a">Angulo Bahón, Cecilio</subfield>
      <subfield code="e">author</subfield>
   </datafield>
   <datafield ind2=" " ind1=" " tag="720">
      <subfield code="a">Alenyà Ribas, Guillem</subfield>
      <subfield code="e">author</subfield>
   </datafield>
   <datafield ind2=" " ind1=" " tag="260">
      <subfield code="c">2025-01-01</subfield>
   </datafield>
   <datafield ind2=" " ind1=" " tag="520">
      <subfield code="a">Social robots in public spaces can potentially gather personal data. This leads to privacy concerns and prompts users to consider whether to disclose their information to the robot during interaction with the robot. This paper aims to explore the effects of privacy warnings on people’s intentions to disclose their personal information and their actual disclosure when interacting with a robot in public spaces. We propose a model to estimate individuals’ disclosure intentions toward a robot and evaluate the impact of privacy warnings during interaction. We conducted an experiment with more than 100 participants interacting with a robot to assess the proposed model. Our results indicate that factors such as risk beliefs, trusting beliefs, perceived enjoyment, and social influence significantly influence individuals’ intentions to disclose information. In general, a robot equipped with privacy warnings receives greater acceptance than a robot without privacy warnings, and participants who receive warnings disclose more low-privacy information. However, there is no significant difference in disclosure between participants who interacted with a robot with privacy warnings and those who interacted with a robot without privacy warnings. Overall, disclosure behavior does not significantly differ between the two groups, suggesting that privacy warnings do not effectively reduce disclosure information.</subfield>
   </datafield>
   <datafield ind2=" " ind1=" " tag="520">
      <subfield code="a">Postprint (published version)</subfield>
   </datafield>
   <datafield tag="653" ind2=" " ind1=" ">
      <subfield code="a">Àrees temàtiques de la UPC::Informàtica::Robòtica</subfield>
   </datafield>
   <datafield tag="653" ind2=" " ind1=" ">
      <subfield code="a">Social robot</subfield>
   </datafield>
   <datafield tag="653" ind2=" " ind1=" ">
      <subfield code="a">Privacy warnings</subfield>
   </datafield>
   <datafield tag="653" ind2=" " ind1=" ">
      <subfield code="a">Intention to disclose personal information</subfield>
   </datafield>
   <datafield tag="653" ind2=" " ind1=" ">
      <subfield code="a">Interaction</subfield>
   </datafield>
   <datafield ind2="0" ind1="0" tag="245">
      <subfield code="a">Effects of privacy warning on the intention to disclose personal information during interaction with a robot in public spaces</subfield>
   </datafield>
</record></metadata></record></GetRecord></OAI-PMH>